000 00998 a2200169 4500
003 Nust
005 20230321121201.0
040 _cNust
082 _a657.2,FAV
100 _aFavell, A.J
_9110826
245 _aPractical Bookkeeping and Accounts /
_cA.J Favell
260 _aLondon
_bUniversity Tutorial press
_c1935
300 _a354:p
505 _aIntroductory (Page-1), The Ledger (Page-3), The Question of Profit (Page-11), The Question of Story (Page-19), The Trial Balance (Page-35), The Classification of Expenses (Page-46), Concerning the Sales Returns Books (Page-51), Concerning the Purchase Day Book (Page-56), Concerning the Purchases (Page-69), Concerning the Journal and its use (Page-74), Trade Discounts (Page-83), Cash Discount and the Cash Book (Page-88), The Columnar Petty Cash Book (Page-93), Various Banking Matters (Page-107), A Worked d Example (Page-105), General Priceless and Sub Division of the Ledgers (Page-124).
650 _aAccounts
_9110827
942 _2ddc
_cBK
999 _c185933
_d185933